000 00738nam a2200253Ia 4500
003 OSt
005 20220928102054.0
006 a|||||r|||| 00| 0
007 ta
008 220927b |||||||| |||| 00| 0 hin d
020 _c295
024 _a118494
037 _bA 90, 06/02/2013, Bharat Pustak Bhandar
_cTextual
040 _aSDCL
_cSDCL
_bhin
041 _2hin
_ahin
082 _aO152,6NPSx, Q2
100 _aPachouri Sudhish
_9392717
245 0 _aSamkaleen sahitya ranjan.
260 _aNew Delhi
_bVani Prakashan
_c2012
300 _a140p
_ccm.
650 _aHindi
_9391598
942 _hO152,6NPSx, Q2
_cTEXL
_2CC
999 _c712136
_d712136